000 00515nam a2200181 i 4500
001 bg
100 1 _aNAFALSKI, Andrzej
245 0 _aNumeryczne rozwiązywanie wybranych zagadnień elektrotechniki teoretycznej /
_cA. Nafalski, J. Guz, M. Wójtowicz.
260 _aLublin,
_c1988.
650 9 _aElektronika
_xteoria
700 1 _aGUZ, Jan
700 1 _aWÓJTOWICZ, Mirosław
040 _cBPK
041 _apol
080 _a621.3:519.6:004](075.8)
942 _cKS
008 s pl f |000 0 pol
999 _c4037
_d4037
856 _uhttp://koha.tu.koszalin.pl/cgi-bin/koha/opac-detail.pl?biblionumber=4037
_yKatalog online BPK